Every Existing Citadel - Statistics

General Stats
  • This quiz has been taken 4 times
  • The average score is 22 of 32
Answer Stats
Area Difficulty Citadel % Correct
Garden of Eeshöl Difficult Citadel of {Biotech Genesis}
100%
Ring 5 Remorseless Citadel of {Contrasting Regions}
100%
Ring 3 Intense Citadel of {Heights and Depths}
100%
Ring 1 Intense Citadel of {Laptop Splitting}
100%
Zone 10 Remorseless Citadel of {Overcoming The World’s Imperfections}
100%
Zone 1 Remorseless Citadel of {Peril}
100%
Zone 4 Remorseless Citadel of {Quadrilaterals}
100%
Ring 6 Remorseless Citadel of {Scythe Recognition}
100%
Steelspire Horizon Intense Citadel of {Treachery}
100%
Purgatorio Hard Citadel of {Victory}
100%
Ring 2 Remorseless Citadel of {Wacky Strategy}
100%
Forgotten Ridge Intense Citadel of {Weird Nostalgia}
100%
Zone 7 Remorseless Citadel of {A Cruel Tale}
75%
Zone 5 Intense Citadel of {Corporate Enterprise}
75%
Zone 2 Intense Citadel of {Green Stuff}
75%
Zone 9 Remorseless Citadel of {Increasing Claustrophobia}
75%
Lost River Difficult Citadel of {Inside Situations}
75%
Ring 9 Remorseless Citadel of {Lethargy}
75%
Zone 3 Difficult Citadel of {Tricky Situations}
75%
Ring 4 Intense Citadel of {Uneasiness}
75%
Ring 8 Intense Citadel of {Constant Heart Stopping}
50%
Zone 8 Remorseless Citadel of {Pyramid Escapades}
50%
Ring 7 Remorseless Citadel of {True Exasperation}
50%
Zone 6 Intense Citadel of {Twists and Weirdness}
50%
BIOUMS Extreme Citadel of {Walkies}
50%
Something Otherworldly… Intense Citadel of {“A Bug’s Life!”}
25%
Forsaken Manor Remorseless Citadel of {Horrifying Phobias}
25%
Time-Lost Tempest Intense Citadel of {Malice}
25%
Time-Lost Plain Difficult Citadel of {Monochrome and Vibrance}
25%
Time-Lost Sands Remorseless Citadel of {Squiggly Wiggly}
25%
Harvest Carnival Remorseless Citadel of {Tricks and Treats}
25%
Festive Cliffside Challenging Citadel of {Festive Struggles}
0%
No matching quizzes found
Score Distribution
Percent of People with Each Score
Percentile by Number Answered
Your Score History
You have not taken this quiz